000 00640nam a2200229Ia 4500
003 OSt
005 20220926040714.0
006 a|||||r|||| 00| 0
007 ta
008 220923b |||||||| |||| 00| 0 eng d
037 _cGeneral Book
040 _aRTL
_cRTL
_beng
041 _2eng
_aeng
082 _aX:(B), K6
100 _aFox Karl A etc
_9234617
245 0 _aTheory of quantitative economic policy with applic
260 _c1966
490 _aStudies in mathematical and managerial economics
650 _aMathematical Economics
942 _hX:(B), K6
_cGB
_2CC
999 _c665423
_d665423